• 首页
  • 本馆介绍
  • 公告通知
  • 最新文献
  • 馆藏检索
  • 电子资源
  • 读者导购
  • 参考咨询
  • 我的图书馆
  • 登录
  • 详细信息显示
  • 放入我的书架
  • 预约/预借图书
  • 作者相关作品
  • 分类相关作品
  • 丛书相关作品
  • 出版社相关作品

书目信息

  • 表格格式
  • 工作单格式
  • 卡片格式
题名:
文化产业教程
    
 
作者: 孙连才 编著
分册:  
出版信息: 北京   中国传媒大学出版社  2012.05
页数: 317页
开本: 24cm
丛书名: 文化产业丛书
单 册:
中图分类: G114
科图分类:
主题词: 文化--产业--教材 , 文化 , 产业
电子资源:
ISBN: 978-7-81127-967-2
000 01047oam2 2200289 450
001 010050034307
005 20130627100614.45
010    @a978-7-81127-967-2@dCNY49.00
100    @a20120508d2012 em y0chiy0110 ea
101 0  @achi
102    @aCN@b110000
105    @ay z 000yy
106    @ar
200 1  @a文化产业教程@9wen hua chan ye jiao cheng@dCulture industry tutorials@f孙连才编著@zeng
210    @a北京@c中国传媒大学出版社@d2012.05
215    @a317页@d24cm
225 2  @a文化产业丛书
330    @a本书从文化产业的概念、特征及分类入手,系统梳理了文化产业竞争力评价、文化产业区域经济发展、文化产业商业模式、文化产业投融资和文化产业政策与国家安全等方面的知识内容,为文化产业专业构建了理论学习与研究的框架体系。
461  0 @12001 @a文化产业丛书@1035 @a(A100000NLC)004413332
510 1  @aCulture industry tutorials@zeng
606 0  @a文化@x产业@j教材
606 0  @a文化
606 0  @a产业
690    @aG114@v5
701  0 @a孙连才@9sun lian cai@f(1973~)@4编著
801  0 @aCN@bNLC@c20120621
905    @b546715-18@dG114@e25@f4
    
    文化产业教程=Culture industry tutorials/孙连才编著.-北京:中国传媒大学出版社,2012.05
    317页;24cm.-(文化产业丛书)
    
    
    ISBN 978-7-81127-967-2:CNY49.00
    本书从文化产业的概念、特征及分类入手,系统梳理了文化产业竞争力评价、文化产业区域经济发展、文化产业商业模式、文化产业投融资和文化产业政策与国家安全等方面的知识内容,为文化产业专业构建了理论学习与研究的框架体系。
●
相关链接 在E读中查询图书 在五车中查询图书 在当当中查询图书 在豆瓣中查询图书


正题名:文化产业教程     索取号:G114/25         预约/预借

序号 登录号 条形码 馆藏地/架位号 状态 备注
1 546715   205467154   第一样本阅览室/ [索取号:G114/25] 在馆    
2 546716   205467163   第四借阅区/ [索取号:G114/25] 在馆    
3 546717   205467172   第四借阅区/ [索取号:G114/25] 在馆    
4 546718   205467181   第四借阅区/ [索取号:G114/25] 在馆    
唐山师范学院图书馆 欢迎您!
大连网信软件有限公司© 版权所有